[Event "GER HE-2164-D email"]
[Site "GER email"]
[Date "2010.??.??"]
[Round "?"]
[White "Schidzick, Juergen"]
[Black "Boecker, Wilhelm"]
[Result "0-1"]
[WhiteElo "1629"]
[BlackElo "1689"]
[PlyCount "68"]
[EventDate "2010.??.??"]
[EventType "tourn (corr)"]
[EventRounds "6"]
[EventCountry "GER"]
[SourceTitle "Corr 2015"]
[Source "ChessBase"]
[SourceDate "2015.07.17"]
[SourceVersion "1"]
[SourceVersionDate "2015.07.17"]
[SourceQuality "1"]

1. d4 Nf6 2. Bg5 d5 3. Bxf6 gxf6 4. e3 c5 5. c4 cxd4 6. Qxd4 Nc6 7. Qd2 d4 8. exd4 Qxd4 9. Qxd4 Nxd4 10. Bd3 Rg8 11. Ne2 Nxe2 12. Bxe2 Rxg2 13. Bf3 Rg5 14. Nd2 Re5+ 15. Kd1 Bh6 16. Rg1 Kf8 17. Re1 Rf5 18. Re2 Bxd2 19. Rxd2 Rxf3 20. Rd8+ Kg7 21. Ke2 Rf5 22. h4 Rc5 23. Rg1+ Kh6 24. Ke3 Rxc4 25. Rf8 Rc7 26. Rgg8 e6 27. Kd2 b5 28. Rd8 Kh5 29. Rg7 h6 30. Rgg8 Kxh4 31. Rd4+ Kh5 32. Ke3 Bb7 33. Rg3 Rc5 34. f3 Re5+ 0-1